000 00339nam a2200145Ia 4500
008 090124s9999 xx 000 0 und d
082 _b303488
245 _a उपरा
250 _a1
260 _bमाने लक्ष्मण
_c1980
300 _a166
630 _a उपरा
730 _a उपरा
942 _cBOOK
999 _c193125
_d193125